00562nam a22001337a 4500008004100000020001500041050002300056111008900079245015500168260004800323300002700371650001800398650001200416190520b xxu||||| |||| 00| 0 eng d a9966886273 aBR 1360b.A23 1997 a All Africa Conference of Churches. Assembly :c Addis Ababa, Ethiopiad7th : 1997. a 7th AACC assembly report :b October, 1997, Addis Ababa, Ethiopia /cAll Africa Conference of Churches. Assembly (7th : 1997 : Addis Ababa, Ethiopia) aEthiopia :bAACC information office,c1997. a288p. :bill. ;c23cm. aChristianity. aAfrica.